Half Duplex Radio Net Emulator / (Record no. 603264)
[ view plain ]
| 000 -LEADER | |
|---|---|
| fixed length control field | 01324nam a22001817a 4500 |
| 003 - CONTROL NUMBER IDENTIFIER | |
| control field | NUST |
| 040 ## - CATALOGING SOURCE | |
| Original cataloging agency | 0 |
| 082 ## - DEWEY DECIMAL CLASSIFICATION NUMBER | |
| Classification number | 621.382,AHM |
| 100 ## - MAIN ENTRY--PERSONAL NAME | |
| Personal name | Ahmed, Usama |
| 245 ## - TITLE STATEMENT | |
| Title | Half Duplex Radio Net Emulator / |
| Statement of responsibility, etc. | Usama Ahmed, Hassan Yar Khan, Talha Mazhar, Ahmed Qureshi. (TCC-31 / BETE-56) |
| 264 ## - PRODUCTION, PUBLICATION, DISTRIBUTION, MANUFACTURE, AND COPYRIGHT NOTICE | |
| Place of production, publication, distribution, manufacture | MCS, NUST |
| Name of producer, publisher, distributor, manufacturer | Rawalpindi |
| Date of production, publication, distribution, manufacture, or copyright notice | 2023 |
| 300 ## - PHYSICAL DESCRIPTION | |
| Extent | 48 p |
| 505 ## - FORMATTED CONTENTS NOTE | |
| Formatted contents note | Communication during war and peace times is paramount. Proper communication enhances one’s ability to safeguard himself from enemies. Thus, communication goes hand in hand with vigilance and duty .it is only possible if recruits and officers pioneer themselves at radio and other forms of communication. For instance, France’s defeat during World War 2 is attributed directly due to lack of knowledge about equipment and thus delay in relaying the information to superiors.Nowadays, radio sets as used by Pakistan Army are very costly. Their extensive use in field makes it difficult to train young officers and recruits with the latest radio handsets. Our project emulates a half-duplex radio using python code and modules and hence aims to provide a feasible solution to this difficulty. |
| 650 ## - SUBJECT ADDED ENTRY--TOPICAL TERM | |
| Topical term or geographic name entry element | UG EE Project |
| 690 ## - LOCAL SUBJECT ADDED ENTRY--TOPICAL TERM (OCLC, RLIN) | |
| Topical term or geographic name as entry element | TCC-31 / BETE-56 |
| 700 ## - ADDED ENTRY--PERSONAL NAME | |
| Personal name | Supervisor Dr. Hasnat Khurshid |
| 942 ## - ADDED ENTRY ELEMENTS (KOHA) | |
| Source of classification or shelving scheme | |
| Koha item type | Thesis |
| Withdrawn status | Permanent Location | Current Location | Shelving location | Date acquired | Full call number | Barcode | Koha item type |
|---|---|---|---|---|---|---|---|
| Military College of Signals (MCS) | Military College of Signals (MCS) | Thesis | 09/28/2023 | 621.382,AHM | MCSPTC-437 | Project Report |
